000
00300nam a2200133Ia 4500
008
230917s9999||||xx |||||||||||||| ||und||
040
_e
148254
_a
MAIN
041
_a
English
082
_a
822.3 W644P
245
0
_a
Plays
260
_a
England
_b
Penguin Books
_c
1977
300
_a
347 p.
942
_c
BK
999
_c
185722
_d
185722